000 00940nam a22001937a 4500
008 240604s2024 xxk|||||ol|||o00| 0 eng d
041 _aeng
110 _aSenedd Cymru
245 _aInfrastructure (Wales) Act 2024
260 _c2024
520 _aThe Infrastructure (Wales) Act 2024 gained Royal Assent on 3 June 2024, modernising and simplifying the consenting process for significant infrastructure projects in Wales. Two consultation papers have been issued relating to the implementation of the legislation, the first focusing on how the pre-application consultation should be conducted, the second on fees for the consenting process.
650 _aINFRASTRUCTURE
650 _aINFRASTRUCTURE (WALES) ACT 2024
650 _aPLANNING
651 _aWales
690 _aPlanning and development
_96259
856 _uhttps://business.senedd.wales/mgIssueHistoryHome.aspx?IId=41502
_zProgress from Bill to Act
942 _n0
999 _c121947
_d121947